Rock and Roll Hall of Fame Inductees - In Other Words - Statistics

General Stats
  • This quiz has been taken 105 times
  • The average score is 11 of 14
Answer Stats
Hint Answer % Correct
Firearms and Prickly Flowers (2012) Guns N' Roses
96%
Law Enforcement Personnel (2003) The Police
92%
Affirmative (2017) Yes
91%
Male Offspring of the King (2004) Prince
90%
First of the Old Testament (2010) Genesis
87%
Deceased, But Appreciative (1994) Grateful Dead
87%
Inexpensive Ruse (2016) Cheap Trick
86%
The 3rd President's Sky Transportation (1996) Jefferson Airplane
83%
The Final Goal of Buddhism (2014) Nirvana
83%
24 Hours of Ecological Mindfulness (2015) Green Day
70%
A Wild Ox in Illinois' Capital City (1997) Buffalo Springfield
68%
Move with Urgent Haste (2013) Rush
68%
Tabletop Condensation Protectors (1987) The Coasters
35%
False Claimants (2005) Pretenders
23%
No matching quizzes found
Score Distribution
Percent of People with Each Score
Percentile by Number Answered
Your Score History
You have not taken this quiz